书目信息 |
| 题名: |
匈奴史
|
|
| 作者: | 林幹 著 | |
| 分册: | ||
| 出版信息: | 呼和浩特 内蒙古人民出版社 1977 |
|
| 页数: | 196页 | |
| 开本: | 20cm | |
| 丛书名: | ||
| 单 册: | ||
| 中图分类: | K289 , K23 | |
| 科图分类: | ||
| 主题词: | 匈奴-民族历史 , 民族历史-匈奴 , 中国--古代史--封建社会 | |
| 电子资源: | ||
| ISBN: | ||
| 000 | 00627nam0 2200253 450 | |
| 001 | 1575649406 | |
| 005 | 20150119210159.56 | |
| 010 | @dCNY0.74 | |
| 091 | @a11089.12 | |
| 100 | @a19950925d1977 em y0chiy0110 ea | |
| 101 | 0 | @achi |
| 102 | @aCN@b150000 | |
| 105 | @ay z 000yy | |
| 200 | 1 | @a匈奴史@9xiong nu shi@f林幹著 |
| 210 | @a呼和浩特@c内蒙古人民出版社@d1977 | |
| 215 | @a196页@d20cm | |
| 606 | 0 | @a匈奴-民族历史 |
| 606 | 0 | @a民族历史-匈奴 |
| 606 | 0 | @a中国@x古代史@x封建社会 |
| 690 | @aK289@v5 | |
| 690 | @aK23@v4 | |
| 701 | 0 | @a林幹@9lin gan@4著 |
| 801 | 0 | @aCN@bTSSF@c20150119 |
| 905 | @aZUCC@dK23@eJY48 | |
| 匈奴史/林幹著.-呼和浩特:内蒙古人民出版社,1977 |
| 196页;20cm |
| ISBN :CNY0.74 |
| ● |
| 相关链接 |
|
|
|
|
正题名:匈奴史
索取号:K23/JY48
 
预约/预借
| 序号 | 登录号 | 条形码 | 馆藏地/架位号 | 状态 | 备注 |
| 1 | 7836255 | 278362558 | 学院路分馆/ [索取号:K23/JY48] | 在馆 |